U.S. Coins in the Answer - Click Quiz - Statistics

General Stats
  • This quiz has been taken 132 times
    30 since last reset
  • The average score is 22 of 28
Answer Stats
Hint Answer % Correct
Currently made of copper-plated zinc
94%
President Thomas Jefferson is pictured on the obverse
94%
The Jefferson Memorial is pictured on the reverse
94%
The reverse features a torch with branches of olive and oak
94%
American children's cable network that gave us classics such as "SpongeBob SquarePants" and "NFL Slimetime": ____odeon
88%
At 17.91 mm in diameter, it is the smallest circulating U.S. coin
88%
U.S. charity that focuses on the prevention of birth defects and infant mortality: "March of ____s"
88%
A musical note equal in value to 1/4 of a whole note
88%
This coin's standard reverse is occasionally replaced by special images, such as:
1976 - The US Bicentennial
1999-2009 - US States and Territories
2010-2021 - America the Beautiful
2022-2025 - American Women
88%
Military officer responsible for providing lodging and supplies: ____master
88%
"A ___ for your thoughts."
82%
Canadian rock band ____back
82%
Common type of rechargeable battery: ____-cadmium
82%
A vehicle with excellent brakes can "stop on a ___"
82%
President George Washington is pictured on the obverse
82%
President Abraham Lincoln is pictured on the obverse
76%
President Franklin D. Roosevelt is pictured on the obverse
76%
The Lincoln Memorial is pictured on the reverse
71%
Inspector Gadget's super-smart niece who always saves the day.
71%
The standard reverse features an eagle perched on a bundle of arrows framed by two olive branches
71%
Location of Bourbon Street in New Orleans: The French ____
71%
Early high wheel bicycle: ____-farthing
65%
Chemical element with atomic number 28
65%
American football scheme with 5 players in the defensive backfield: ____ package
65%
Leader of the offense in American football: ____back
65%
Secretary to "M" In the James Bond franchise: Miss Money____
59%
Historic name for variety stores in the US: Five and ____
59%
Guitarist for heavy metal band Pantera: ___bag Darrell
47%
No matching quizzes found
Score Distribution
Percent of People with Each Score
Percentile by Number Answered
Your Score History
You have not taken this quiz since the last reset